[Event "ZI-2012-0-01274"]
[Site "LSS email"]
[Date "2012.03.26"]
[Round "?"]
[White "Turner, George H"]
[Black "Kerecsenyi, Zoltan"]
[Result "1-0"]
[WhiteElo "1808"]
[BlackElo "1583"]
[PlyCount "61"]
[EventDate "2012.03.20"]
[EventType "match (corr)"]
[EventRounds "2"]
[EventCountry "GER"]
[SourceTitle "Corr 2015"]
[Source "ChessBase"]
[SourceDate "2015.07.17"]
[SourceVersion "1"]
[SourceVersionDate "2015.07.17"]
[SourceQuality "1"]

1. e4 d5 2. exd5 Qxd5 3. Nc3 Qd6 4. d4 Nf6 5. Nf3 c6 6. Be2 g6 7. 0-0 Bg7 8. Bg5 e6 9. Bxf6 Bxf6 10. Ne4 Qd8 11. Nxf6+ Qxf6 12. c4 0-0 13. Qc2 Nd7 14. Rfd1 b6 15. Rac1 Bb7 16. a3 Qe7 17. b4 c5 18. dxc5 bxc5 19. Qd2 Rad8 20. Qd6 Qf6 21. Qc7 Bxf3 22. Bxf3 Ne5 23. Be2 Rxd1+ 24. Rxd1 cxb4 25. axb4 a6 26. c5 Qf4 27. Qd6 Rc8 28. Qxa6 Rc6 29. Qa3 Nc4 30. Qa8+ Kg7 31. Qxc6 1-0

[Event "CP-2011-P-00046"]
[Site "LSS email"]
[Date "2011.09.30"]
[Round "?"]
[White "Kenig, Jaroslaw"]
[Black "Turner, George H"]
[Result "1-0"]
[WhiteElo "1454"]
[BlackElo "1808"]
[PlyCount "57"]
[EventDate "2011.10.01"]
[EventType "tourn (corr)"]
[EventRounds "6"]
[EventCountry "GER"]
[SourceTitle "Telechess CBM 157"]
[Source "ChessBase"]
[SourceDate "2013.11.12"]
[SourceVersion "1"]
[SourceVersionDate "2013.11.12"]
[SourceQuality "1"]

1. e4 e6 2. d4 d5 3. Nc3 Nf6 4. Bg5 Be7 5. e5 Nfd7 6. h4 c5 7. Bxe7 Kxe7 8. Nf3 Nc6 9. dxc5 Ndxe5 10. Nxe5 Nxe5 11. Qd4 f6 12. 0-0-0 Qa5 13. Rh3 Bd7 14. Re1 Kd8 15. Rg3 Rg8 16. f4 Nc6 17. Qf2 Ne7 18. Bd3 f5 19. Kb1 Rc8 20. Ne2 Ng6 21. Nd4 Nxf4 22. Bb5 Bxb5 23. Rc3 Ne2 24. Rxe2 Bxe2 25. Qf4 Ke8 26. Qe5 Rc6 27. Nxc6 bxc6 28. Qxe6+ Kf8 29. Qxf5+ 1-0

[Event "CP-2011-P-00046"]
[Site "LSS email"]
[Date "2011.09.30"]
[Round "?"]
[White "Turner, George H"]
[Black "Bezzina, Reno"]
[Result "1/2-1/2"]
[WhiteElo "1808"]
[BlackElo "1324"]
[PlyCount "119"]
[EventDate "2011.10.01"]
[EventType "tourn (corr)"]
[EventRounds "6"]
[EventCountry "GER"]
[SourceTitle "Telechess CBM 157"]
[Source "ChessBase"]
[SourceDate "2013.11.12"]
[SourceVersion "1"]
[SourceVersionDate "2013.11.12"]
[SourceQuality "1"]

1. e4 e6 2. d4 d5 3. Nc3 Bb4 4. exd5 exd5 5. Bd3 Nc6 6. Nge2 Nf6 7. 0-0 0-0 8. a3 Be7 9. Re1 a6 10. h3 b5 11. Bf4 Re8 12. Ng3 Nxd4 13. Bxh7+ Nxh7 14. Qxd4 Be6 15. b4 Bf6 16. Be5 Qd6 17. Nh5 Bxe5 18. Rxe5 f6 19. Re2 Bf7 20. Ng3 Rxe2 21. Ncxe2 Re8 22. Rd1 Nf8 23. Nf5 Qe6 24. Neg3 Qe5 25. Rd3 Qe1+ 26. Kh2 Ne6 27. Qe3 Qxe3 28. fxe3 Nd8 29. Nd4 Bg6 30. Rc3 Re7 31. Ngf5 Bxf5 32. Nxf5 Rd7 33. Kg3 Kf8 34. Nd4 Ke8 35. Kf4 g6 36. e4 dxe4 37. Kxe4 Nf7 38. Rc6 Rd6 39. Rxd6 cxd6 40. Kd5 Kd7 41. c4 bxc4 42. Kxc4 Ne5+ 43. Kd5 Nd3 44. g3 Nf2 45. Ne6 Nxh3 46. Nf8+ Kc7 47. Nxg6 Nf2 48. Nf4 Kd7 49. Nh5 Ng4 50. a4 f5 51. Kd4 Ne5 52. b5 axb5 53. axb5 Nf3+ 54. Kd5 Kc7 55. Ng7 Kb6 56. Nxf5 Kxb5 57. g4 Kb6 58. Nxd6 Kc7 59. Nf7 Nh2 60. g5 1/2-1/2

[Event "CP-2010-P-00059"]
[Site "LSS email"]
[Date "2010.09.28"]
[Round "?"]
[White "Turner, George H"]
[Black "Kalyoncuoglu, Ozgur"]
[Result "0-1"]
[WhiteElo "1849"]
[BlackElo "1952"]
[PlyCount "88"]
[EventDate "2010.10.01"]
[EventType "tourn (corr)"]
[EventRounds "6"]
[EventCountry "GER"]
[SourceTitle "Telechess CBM 145"]
[Source "Chessbase"]
[SourceDate "2011.11.11"]
[SourceVersion "1"]
[SourceVersionDate "2011.11.11"]
[SourceQuality "1"]

1. e4 c5 2. Nf3 d6 3. d4 cxd4 4. Nxd4 Nf6 5. Nc3 a6 6. Bg5 e6 7. f4 Qb6 8. Nb3 Be7 9. Qf3 Nbd7 10. 0-0-0 Qc7 11. Bd3 b5 12. a3 h6 13. Bh4 Bb7 14. g4 Rc8 15. Bg3 d5 16. f5 dxe4 17. Nxe4 e5 18. Qe2 0-0 19. Rhe1 Nd5 20. h4 b4 21. f6 N7xf6 22. Nxf6+ Bxf6 23. Qe4 g6 24. Bxe5 bxa3 25. bxa3 Nc3 26. Bxc7 Bxe4 27. Bg3 Nxd1 28. Rxe4 Nc3 29. Re1 Rfe8 30. Bxa6 Ra8 31. Bb7 Na2+ 32. Kb1 Rxe1+ 33. Bxe1 Rxa3 34. Bf3 Ra4 35. c4 Nb4 36. Bd2 Ra2 37. Bc1 Rf2 38. Bb7 Bxh4 39. c5 Bg5 40. c6 Nd5 41. Bb2 Bf6 42. Bxf6 Rxf6 43. Kc1 Kf8 44. Kd2 Rf4 0-1

[Event "CP-2010-P-00059"]
[Site "LSS email"]
[Date "2010.09.28"]
[Round "?"]
[White "Yangibayev, Rustam"]
[Black "Turner, George H"]
[Result "0-1"]
[WhiteElo "1400"]
[BlackElo "1849"]
[PlyCount "20"]
[EventDate "2010.10.01"]
[EventType "tourn (corr)"]
[EventRounds "6"]
[EventCountry "GER"]
[SourceTitle "Corr 2015"]
[Source "ChessBase"]
[SourceDate "2015.07.17"]
[SourceVersion "1"]
[SourceVersionDate "2015.07.17"]
[SourceQuality "1"]

1. b3 d5 2. e3 c5 3. Bb2 Nc6 4. Bb5 Qc7 5. Nf3 Bd7 6. Nc3 Nf6 7. Qe2 e6 8. 0-0 a6 9. Bd3 b5 10. Ng5 c4 0-1

[Event "LSS SB-2010-0-00104"]
[Site "LSS email"]
[Date "2010.08.08"]
[Round "?"]
[White "Taranin, Konstantin"]
[Black "Turner, George H"]
[Result "1-0"]
[WhiteElo "1845"]
[BlackElo "1905"]
[PlyCount "97"]
[EventDate "2010.07.12"]
[EventType "tourn (corr)"]
[EventRounds "6"]
[EventCountry "GER"]
[SourceTitle "Telechess CBM 143"]
[Source "ChessBase"]
[SourceDate "2011.07.15"]
[SourceVersion "1"]
[SourceVersionDate "2011.07.15"]
[SourceQuality "1"]

1. e4 c5 2. Nf3 d6 3. d4 cxd4 4. Nxd4 Nf6 5. Nc3 a6 6. Be3 e5 7. Nb3 Be6 8. f3 Nc6 9. Nd5 Bxd5 10. exd5 Ne7 11. c4 g6 12. Bd3 Bg7 13. a4 0-0 14. a5 Qd7 15. 0-0 Nh5 16. Re1 Nf4 17. Bf1 Rfe8 18. g3 Nh3+ 19. Kh1 Bh6 20. Qd2 Bxe3 21. Qxe3 f6 22. f4 Qg4 23. Nd2 Nf5 24. Ne4 Nxe3 25. Nxf6+ Kf7 26. Nxg4 Nxg4 27. Bxh3 Nf2+ 28. Kg2 Nxh3 29. Kxh3 e4 30. Re3 Kf6 31. Rb3 Rab8 32. Rb6 Ke7 33. Re1 Kd7 34. b4 Kc7 35. c5 Rbd8 36. cxd6+ Kd7 37. Kg4 Rc8 38. Rxb7+ Kxd6 39. Rxh7 Kxd5 40. Rd7+ Kc4 41. Rd6 Kxb4 42. Rxa6 Rc2 43. h4 e3 44. Rxg6 Rf2 45. a6 e2 46. a7 Kc3 47. h5 Ra8 48. Rg7 Kd2 49. Ra1 1-0

[Event "LSS CP-2009-P-00028"]
[Site "LSS email"]
[Date "2009.09.27"]
[Round "?"]
[White "Turner, George H"]
[Black "Grkinic, Goran"]
[Result "1/2-1/2"]
[WhiteElo "2002"]
[BlackElo "2089"]
[PlyCount "71"]
[EventDate "2009.10.01"]
[EventType "tourn (corr)"]
[EventRounds "6"]
[EventCountry "GER"]
[SourceTitle "Telechess CBM 137"]
[Source "ChessBase"]
[SourceDate "2010.07.15"]
[SourceVersion "1"]
[SourceVersionDate "2010.07.15"]
[SourceQuality "1"]

1. e4 e5 2. Nc3 Nc6 3. Bc4 Nf6 4. d3 Bb4 5. Nge2 d5 6. exd5 Nxd5 7. Bxd5 Qxd5 8. 0-0 Qa5 9. a3 0-0 10. Be3 Bxc3 11. Nxc3 Nd4 12. f4 Nf5 13. Qe1 Nxe3 14. Qxe3 exf4 15. Rxf4 Bd7 16. Qd4 Bc6 17. Raf1 Qb6 18. Qxb6 axb6 19. d4 Rad8 20. h4 f6 21. Rd1 Rf7 22. d5 Be8 23. Kf2 Rfd7 24. Kf3 Bf7 25. Rfd4 Bg6 26. R1d2 c6 27. Kf4 Kf8 28. g4 Rd6 29. Ra4 R6d7 30. Ra7 Bf7 31. h5 Bxd5 32. Nxd5 cxd5 33. Ra4 Ke7 34. Rb4 Rd6 35. Rbd4 Rc8 36. c3 1/2-1/2

[Event "LSS CP-2008-P-00026"]
[Site "LSS email"]
[Date "2008.10.01"]
[Round "?"]
[White "Ozdemir, Zafer Omer"]
[Black "Turner, George H"]
[Result "0-1"]
[WhiteElo "994"]
[BlackElo "2012"]
[PlyCount "60"]
[EventDate "2008.10.01"]
[EventType "tourn (corr)"]
[EventRounds "6"]
[EventCountry "GER"]
[SourceTitle "Corr 2011"]
[Source "ChessBase"]
[SourceDate "2010.08.31"]
[SourceVersion "1"]
[SourceVersionDate "2010.08.31"]
[SourceQuality "1"]

1. e4 e5 2. Nf3 Nc6 3. Nc3 Nf6 4. Be2 Bb4 5. a3 Bxc3 6. dxc3 0-0 7. 0-0 Nxe4 8. Bd3 Nf6 9. Bg5 d5 10. Bb5 e4 11. Nd4 Qd6 12. Nxc6 bxc6 13. Be2 Re8 14. c4 d4 15. g3 c5 16. Bf4 Qc6 17. b3 Bh3 18. Re1 e3 19. f3 h6 20. g4 Nxg4 21. Bf1 Bxf1 22. Rxf1 e2 23. Qd3 exf1Q+ 24. Rxf1 Ne3 25. Bxe3 Rxe3 26. Qd1 Rae8 27. b4 Qg6+ 28. Kh1 Re2 29. Rg1 Qh5 30. bxc5 Qxh2# 0-1

[Event "LSS CP-2008-P-00026"]
[Site "LSS email"]
[Date "2008.10.01"]
[Round "?"]
[White "Turner, George H"]
[Black "Lipsits, Sasha"]
[Result "1/2-1/2"]
[WhiteElo "2012"]
[BlackElo "1351"]
[PlyCount "67"]
[EventDate "2008.10.01"]
[EventType "tourn (corr)"]
[EventRounds "6"]
[EventCountry "GER"]
[SourceTitle "Corr 2011"]
[Source "ChessBase"]
[SourceDate "2010.08.31"]
[SourceVersion "1"]
[SourceVersionDate "2010.08.31"]
[SourceQuality "1"]

1. c4 Nf6 2. d4 g6 3. Nc3 Bg7 4. e4 d6 5. f4 0-0 6. Nf3 c5 7. d5 e6 8. dxe6 Bxe6 9. Bd3 Nc6 10. f5 Bc8 11. 0-0 Nd7 12. Nd5 Ne7 13. Bg5 f6 14. Bd2 Nxd5 15. exd5 gxf5 16. Qc2 Ne5 17. Nh4 Nxd3 18. Qxd3 b5 19. cxb5 Qb6 20. Nxf5 Bxf5 21. Qxf5 c4+ 22. Kh1 Qxb5 23. Qe6+ Rf7 24. Bc3 Qd7 25. Rae1 Qxe6 26. Rxe6 f5 27. Rxd6 Bxc3 28. bxc3 Rb8 29. Rd1 Rb2 30. Rd8+ Rf8 31. Rd7 Rf7 32. Rd8+ Rf8 33. Rd7 Rf7 34. Rd8+ 1/2-1/2

[Event "LSS CP-2007-P-00019"]
[Site "LSS email"]
[Date "2007.10.01"]
[Round "?"]
[White "Sherwood, Russell"]
[Black "Turner, George H"]
[Result "1-0"]
[WhiteElo "1895"]
[BlackElo "2018"]
[PlyCount "127"]
[EventDate "2007.10.01"]
[EventType "tourn (corr)"]
[EventRounds "6"]
[EventCountry "GER"]
[SourceTitle "Corr 2011"]
[Source "ChessBase"]
[SourceDate "2010.08.31"]
[SourceVersion "1"]
[SourceVersionDate "2010.08.31"]
[SourceQuality "1"]

1. e4 d5 2. exd5 Nf6 3. d4 Nxd5 4. Nf3 Bg4 5. c4 Nb6 6. Be2 e6 7. 0-0 Nc6 8. Nc3 Be7 9. d5 exd5 10. cxd5 Nb4 11. Qd4 Bxf3 12. Bxf3 0-0 13. Qd1 Bd6 14. a3 Na6 15. Qc2 Re8 16. Ne4 Be5 17. Rd1 Qd7 18. Be3 Rad8 19. Rac1 Qa4 20. Qxa4 Nxa4 21. b4 f5 22. Ng5 Nc3 23. Rd3 h6 24. Rdxc3 Bxc3 25. Ne6 Bb2 26. Rc2 f4 27. Nxd8 fxe3 28. fxe3 Bxa3 29. Nxb7 Rxe3 30. Kf2 Nxb4 31. Rxc7 Rxf3+ 32. Kxf3 Nxd5 33. Rc2 Bb4 34. Rc4 Be7 35. Ra4 Kf7 36. Ra5 Ke6 37. Ke4 Nf6+ 38. Kd4 Ng4 39. h3 Bf6+ 40. Ke4 Nf2+ 41. Ke3 Nd1+ 42. Kd3 Nf2+ 43. Kc4 Ne4 44. Rxa7 Be7 45. Ra5 Kf7 46. Re5 Nf6 47. Na5 Bd6 48. Rb5 Bg3 49. Rb7+ Kg6 50. Nc6 Ne8 51. Rb3 Bh2 52. Kd5 h5 53. Ne5+ Kh7 54. Ke6 Nc7+ 55. Kf5 Ne8 56. Nf3 Bc7 57. Ng5+ Kh6 58. Nf7+ Kh7 59. Rb7 Ba5 60. Ng5+ Kh6 61. Ne4 Bc7 62. g4 hxg4 63. hxg4 g5 64. Ra7 1-0